| 000 | 00578nam a2200193 a 4500 | ||
|---|---|---|---|
| 005 | 20210219161500.0 | ||
| 008 | 120809s2007 mx r 000 0 spa d | ||
| 020 | _a9789705802218 | ||
| 035 | _aUPN01000186049 | ||
| 049 | _aCG | ||
| 050 | 4 |
_aML3930 M9 _bW4.5 |
|
| 100 | 1 | _aWeeks, Marcus | |
| 245 | 1 | 0 |
_aMozart : _bel niño que cambió el mundo de la música / _cMarcus Weeks ; tr. Luz María Méndez. |
| 260 |
_aMéxico : _bAltea, _cc2007. |
||
| 300 |
_a64 p. : _bil. col. |
||
| 440 | 0 | _aAltea biografías | |
| 600 | 1 | 4 |
_aMOZART, WOLFGANG AMADEUS, _d1756-1791 |
| 905 | _aLibro | ||
| 999 |
_c158152 _d158152 |
||